| 000 | 00474nam a2200169Ia 4500 | ||
|---|---|---|---|
| 008 | 151213s9999 xx 000 0 und d | ||
| 020 | _a978-81-317-1887-2 | ||
| 100 | _aRichard C.Dort / Robert H.Bistop | ||
| 245 |
_aModern Control Systems _cRichard C.Dort / Robert H.Bistop |
||
| 250 | _a11th | ||
| 260 |
_aNew Delhi _bPearson Education _c2008 |
||
| 300 | _a8215 p. | ||
| 650 | _aE E E | ||
| 650 | _ascience | ||
| 700 | _aRichard C.Dort / Robert H.Bistop | ||
| 999 |
_c4120 _d4120 |
||